Normal view
MARC view
Entry Personal Name
001 - CONTROL NUMBER
- control field: 33471
003 - CONTROL NUMBER IDENTIFIER
- control field: dpl
005 - DATE AND TIME OF LATEST TRANSACTION
- control field: 20110824095506.0
008 - FIXED-LENGTH DATA ELEMENTS
- fixed length control field: 110824|||a|||||| | ||| d
040 ## - CATALOGING SOURCE
- Original cataloging agency: dpl
- Transcribing agency: dpl
100 ## - HEADING--PERSONAL NAME
- Personal name: Ganesh, T. S.,
- Relator term: production.
670 ## - SOURCE DATA FOUND
- Source citation: Work cat.: (dpl)0: Meri surat teri ankhen /, p2010.
670 ## - SOURCE DATA FOUND
- Source citation: Work cat.: (dpl)0: Meri surat teri ankhen /, p2010.
